000 00298nam a22001337a 4500
008 170503b xxu||||| |||| 00| 0 eng d
020 _a0136231403
041 _aeng
080 _a34
100 _a13
101 _aSHJ
245 _aNOLTES SCHOOLL LAW DESK BOOK
_cNOLTE.M.CH
942 _2udc
_cBK
999 _c12537
_d12537